000 00721nam a2200289Ia 4500
005 20260324112303.0
008 008 260324s9999 xx 000 0 eng d
020 _a9781003274995
037 _aEBOOK
040 _aCRL
040 _beng
040 _cCRL
041 _2eng
041 _aeng
084 _qCRL
100 _aJonas Heide Smith; Simon Egenfeldt-Nielsen; Susana Pajares Tosca
_91142064
245 0 _aUnderstanding Video Games
245 4 _bThe Essential Introduction
260 _bTaylor and Francis
260 _c2024
365 _a
365 _b220
856 _uhttp://www.taylorfrancis.com/books/9781003274995
942 _cEBOOK
999 _c1731213
_d1731213